ONLINE PUBLIC ACCESS CATALOG(OPAC)

Essentials of forensic nursing and Indian laws for B.Sc nursing students : As per INC syllabus (Record no. 64113)

MARC details
000 -LEADER
fixed length control field 00512nam a2200169Ia 4500
008 - FIXED-LENGTH DATA ELEMENTS--GENERAL INFORMATION
fixed length control field 251210s2025 xx 000 0 und d
020 ## - INTERNATIONAL STANDARD BOOK NUMBER
International Standard Book Number 9789390619672
041 ## - LANGUAGE CODE
Language code of text/sound track or separate title eng
082 ## - DEWEY DECIMAL CLASSIFICATION NUMBER
Classification number 610.7368 MAG
100 ## - MAIN ENTRY--PERSONAL NAME
Personal name Magendran, J. and Phaharaj, Manisha
245 ## - TITLE STATEMENT
Title Essentials of forensic nursing and Indian laws for B.Sc nursing students : As per INC syllabus
250 ## - EDITION STATEMENT
Edition statement 1st ed.
260 ## - PUBLICATION, DISTRIBUTION, ETC.
Place of publication, distribution, etc. New Delhi
Name of publisher, distributor, etc. CBS publishers and Distributors
Date of publication, distribution, etc. 2025
300 ## - PHYSICAL DESCRIPTION
Extent 202p
365 ## - TRADE PRICE
Currency code RS
650 ## - SUBJECT ADDED ENTRY--TOPICAL TERM
Topical term or geographic name entry element Forensic Nursing
Holdings
Withdrawn status Lost status Damaged status Not for loan Home library Current library Shelving location Date acquired Source of acquisition Cost, normal purchase price Total Checkouts Full call number Barcode Date last seen Price effective from Koha item type
        College of Nursing College of Nursing R12S15 25/10/2025 CBS publishers and distributors 395.00   610.7368 MAG CN5820 10/12/2025 10/12/2025 Circulation

Powered by Koha